000 00593nam a22001937a 4500
005 20170811110417.0
010 _aENG-119670
020 _a9788179664254
_c150.00
035 _aEN-103202
037 _bDBAD/PUB
082 _a808.51
100 _aOlivannan, G.
245 _aPublic speaking made easy /
_cby G. Olivannan ; translated by Vilasini
260 _aChennai
_bEmerald Publishers
_c2016
270 _a15A, First Floor, Casa Major Road Egmore,
_bChennai
_e600008
300 _axi,131p. ;
_bill.
_c22cm(pbk)
700 _aVilasini
942 _2ddc
_cEN
_h808.51
_mOLI
999 _c143259
_d143259